MDQL
is popping MORE tags! Check the
thread
!
Quizzes
Events
Quiz Creation
Community
Videos
Private Events
Remove Ads
Sign In
Join for FREE
Feedback
Dark Mode
Quiz Categories
Sports
Geography
Music
Movies
Television
Just For Fun
Miscellaneous
History
Literature
Language
Science
Gaming
Entertainment
Religion
Holiday
For Kids
Quiz Lab
Recent
Popular Today
Quiz Kudos Today
Editor Picks
Curator Picks
Quizzes by...
Day
Popularity
Type
Ratings
Length
Year
Community
Subscriptions
Recent Discussions
Orange Saloon
Badges
Playlists
Quests
Create
Leaderboards
Showdown
Live 5
Trivia Bingo
Activity
Puzzle Library
Sporcle Events
Private Events
Virtual Trivia
Globe League
Become a Host
Pub Owners
SporcleCon
Opinionation
Our Games
Videos
Blog
Mobile Apps
Partnerships
Remove Ads and Go Orange
Feedback
Geography
Country
Landmarks
City
State
Population
World
Capital
Continent
Flags
Europe
Africa
Asia
South America
North America
Oceania
Border
Canada
United Kingdom
Topography
United States
Geography
Country
Landmarks
City
State
Population
World
Capital
Continent
Flags
Europe
Africa
Asia
South America
North America
Oceania
Border
Canada
United Kingdom
Topography
United States
Random Quiz
Search Sporcle
×
Quiz Lab
Quiz Lab
Geography
Olympics
Type in answers that appear in a list
Type in answers that appear in a list
Classic
Best Score? Go Orange.
Winter Olympics 2010 Stats
Can you name the Winter Olympics 2010 participants?
By
nowachi
9m
82 Questions
408 Plays
408 Plays
408 Plays
Comments
Comments
Give Quiz Kudos
Give Quiz Kudos
-
- Ratings
hide this ad
More Info
Replay
Link that replays current quiz
Next Quiz
Link to next quiz in quiz playlist
You Got
0%
They Got
Avg Score
61%
Avg Friend Score
Upgrade to see
Score Distribution
Jump to the score distribution portion of the page
Score
0/82
Timer
09:00
0
Plays Today
Hints
Participant
% Correct
*
United States
97.3%
2010 host
Canada
93.4%
*
Great Britain
90.4%
2014 host
Russia
90.4%
2006 host
Italy
86.3%
*
China
86%
most medals (winter)
Norway
85.8%
*
Sweden
85.3%
*
Japan
83.6%
*
Finland
80.9%
*
Germany
80.9%
*
France
80.6%
*
South Korea
79.9%
*
Australia
78.9%
*
Mexico
78.9%
*
Switzerland
77%
*
Spain
76.7%
*
Austria
75.7%
*
Denmark
73.3%
*
Argentina
72.3%
*
Brazil
72.3%
*
Ireland
71.1%
*
North Korea
70.3%
*
India
68.9%
*
Greece
68.6%
*
Poland
68.6%
*
Netherlands
67.6%
*
Portugal
67.6%
Hints
Participant
% Correct
*
New Zealand
67.4%
*
South Africa
67.2%
*
Ukraine
66.9%
*
Latvia
66.4%
*
Chile
66.2%
*
Turkey
66.2%
*
Iceland
65.9%
*
Slovakia
65.9%
*
Czech Republic
65.4%
1988: 1st appearance
Jamaica
65.4%
*
Belgium
64.7%
*
Iran
63.7%
*
Estonia
63.5%
*
Lithuania
63.2%
*
Hungary
62.7%
*
Slovenia
62.3%
*
Romania
59.8%
1st appearance
Peru
59.1%
1984 host
Bosnia and Herzegovina
58.6%
*
Croatia
58.3%
1st appearance
Serbia
58.1%
2nd Appearance
Albania
57.8%
*
Georgia
57.8%
*
Kazakhstan
57.4%
*
Andorra
56.6%
special admin. region (China)
Hong Kong
56.1%
*
Bulgaria
54.9%
*
Israel
54.4%
Hints
Participant
% Correct
1st appearance
Pakistan
53.9%
*
Luxembourg
53.2%
*
Mongolia
52.5%
*
Armenia
51%
*
Liechtenstein
51%
*
Uzbekistan
51%
*
Monaco
50.5%
1st appearance
Montenegro
50%
*
Macedonia
49%
1st appearance
Colombia
48%
*
Azerbaijan
47.1%
*
Belarus
46.1%
*
Algeria
45.1%
*
San Marino
44.9%
*
Moldova
44.1%
*
Morocco
42.9%
unincorp. territory (US)
Puerto Rico
42.4%
*
Tajikistan
40.9%
*
Nepal
40.4%
*
Cyprus
39.5%
1st appearance
Ghana
37.5%
*
Kyrgyzstan
36.8%
*
Lebanon
32.4%
overseas territory (UK)
Bermuda
31.4%
overseas territory (UK)
Cayman Islands
20.3%
*
Senegal
16.4%
Quiz Playlist
Details
Report
Send in Message
Add To Playlist
More Info:
list may update (participants added or removed) as the event unfolds/draws nearer
Classic:
Type in answers that appear in a list
Last Updated: Feb 16, 2017
Quiz Scoreboard
CHALLENGE
Sign Up to Join the Scoreboard
Show All
Scores
Hide
Comments
May contain spoilers
Recently Published
Colored Red Africa Blitz
by spor1
Geography
30s
Find the 'City' Movie
by crazypaving
Movies
60s
5x2 Blitz: Bands
by SL_Kpop136
Music
30s
More to Explore
Quiz From the Vault
Featured Blog Post
14 Easter Pick-up Lines to Find Eggs With
hide this ad
You Might Also Like...
Tags
Olympics Quiz
2010
participant
Winter
Winter Olympics
Today's Top Quizzes in Geography
Browse Geography
hide this ad
Today's Top Quizzes in Olympics
Browse Olympics
Top Contributed Quizzes in Geography
1
Countries of the World - No Outlines Minefield
2
Colored Red Europe Blitz I
3
Colored Red Africa Blitz II
4
Colored Red Europe Blitz II
5
Colored Red Europe Blitz III
6
Colored Red Africa Blitz III
7
Colored Red States Blitz I
8
Colored Red States Blitz II
9
Colored Red States Blitz III
10
Blind Secret Country CLXXXIX
Explore More
Trending Topics
Disney
Harry Potter
NBA
Crossword
Kpop
Marvel
Anime
Pokémon
Country
Puzzle
Soccer
WWE
The Office
NFL
Song
hide this ad
More By:
nowachi
Quiz
Plays
Rating
Category
Featured
Created
Dynamic Countries
3,890
4.32
Geography
Jan 4, 2010
Romance (Latin) Languages
2,428
3.61
Language
Jan 5, 2010
World Capitals in Categories
1,717
4.48
Geography
Jan 3, 2010
Flag Carriers/National Airlines
1,638
3.71
Miscellaneous
Dec 30, 2009
Numbers.. Numbers.. Sports Grabbag 0-25
1,562
3.78
Sports
Jan 9, 2010
Go to Creator's Profile
Score Distribution
Quiz Creator Spotlight
nowachi
Follow
Send a Message
Quizzes Created
-
Created Quiz Play Count
-
More By This Creator
Popular Quizzes Today
1
Find the 'City' Movie
2
5x2 Blitz: Bands
3
Colored Red Africa Blitz
4
Find the US States - No Outlines Minefield
5
The Countries of the World
6
Find the US States
7
9x9 Crossword: Cartoon Network
8
US States
More Geography Quizzes
Five Most Populous Asian 'E' Cities
Quiz Lab
Trending Quizzes
Colored Red Europe Blitz I
Colored Red Africa Blitz II
Colored Red Europe Blitz III
Colored Red Europe Blitz II
Colored Red Africa Blitz III
Recently Updated
Champions League XIs: Real Madrid
pecheneg
Largest US Cities 1790-2010
pecheneg
Rides in Walt Disney World
pecheneg
Most Oscar Losses (Acting)
pecheneg
Beyoncé Albums
pecheneg
Leaping Animals
pecheneg
Reality TV Shows (A-Z)
bhenderson79
Rickey Henderson's Hall of Fame Teammates
pecheneg
Champions League XIs: Arsenal
pecheneg
Quick Pick: Celebrities in WWE's Hall of Fame
aduchscher
Trending Topics
Anime
Disney
Kpop
Crossword
Harry Potter
Marvel
NBA
Country
Puzzle
Pokémon
WWE
NFL
Soccer
The Office
Song
Your Account Isn't Verified!
In order to create a playlist on Sporcle, you need to verify the email address you used during registration. Go to your
Sporcle Settings
to finish the process.
Report this User
Report this user for behavior that violates our
Community Guidelines
.
Details:
Send Report
Go to the Sporcle.com Mobile Site →
Comments